000
00234nam a2200097Ia 4500
001
766516
005
20250826165342.0
008
250824s9999 xx 000 0 und d
245
0
_a
GECE UÇUŞU
_c
EXUPERY
260
_b
ATLIKARINCA YAYINLARI
999
_c
766516
_d
766516